[Event "DEM U8w 2025"]
[Site "Willingen GER"]
[Date "2025.06.12"]
[Round "4"]
[White "Schmidt, Neele"]
[Black "Lesnik, Mara"]
[Result "1-0"]
[Termination "normal"]
[Board "4"]
[WhiteElo "1125"]
[BlackElo "734"]
[WhiteClock "00:49:19"]
[BlackClock "00:50:29"]
[PlyCount "49"]
[WhiteFideId "533025487"]
[BlackFideId "533032742"]
[EventCountry "GER"]
[EventRounds "7"]
[EventType "swiss"]
[EventDate "2025.06.10"]

1. e4 {[%clk 01:00:29]} {[%emt 00:03:01]} e6 {[%clk 01:00:18]} {[%emt
00:00:11]} 2. d4 {[%clk 01:00:32]} {[%emt 00:00:14]} d5 {[%clk 01:00:23]}
{[%emt 00:00:09]} 3. e5 {[%clk 01:00:20]} {[%emt 00:00:28]} c5 {[%clk
01:00:27]} {[%emt 00:00:12]} 4. c3 {[%clk 00:59:42]} {[%emt 00:00:53]} Nc6
{[%clk 00:59:53]} {[%emt 00:00:48]} 5. Nf3 {[%clk 00:59:36]} {[%emt 00:00:21]}
Bd7 {[%emt 00:01:21]} 6. Be2 {[%clk 00:58:09]} {[%emt 00:00:47]} Nge7 {[%clk
00:58:58]} {[%emt 00:01:00]} 7. Bg5 {[%clk 00:57:20]} {[%emt 00:01:04]} f6
{[%emt 00:00:33]} 8. exf6 {[%emt 00:00:24]} gxf6 {[%clk 00:57:55]} {[%emt
00:00:16]} 9. Bxf6 {[%clk 00:57:22]} {[%emt 00:00:18]} Rg8 {[%clk 00:57:49]}
{[%emt 00:00:21]} 10. O-O {[%clk 00:56:47]} {[%emt 00:00:50]} Bg7 {[%clk
00:57:42]} {[%emt 00:00:21]} 11. Bxg7 {[%clk 00:55:52]} {[%emt 00:01:11]} Rxg7
{[%clk 00:57:47]} {[%emt 00:00:08]} 12. dxc5 {[%clk 00:55:34]} {[%emt
00:00:34]} Nf5 {[%clk 00:57:00]} {[%emt 00:00:09]} 13. h3 {[%clk 00:54:21]}
{[%emt 00:02:22]} Nh4 {[%clk 00:56:57]} {[%emt 00:00:13]} 14. Nxh4 {[%clk
00:53:45]} {[%emt 00:00:54]} Qxh4 {[%clk 00:56:47]} {[%emt 00:00:21]} 15. Bg4
{[%clk 00:52:42]} {[%emt 00:01:24]} Ne5 {[%clk 00:56:19]} {[%emt 00:00:21]} 16.
g3 {[%clk 00:50:39]} {[%emt 00:02:40]} Qg5 {[%emt 00:00:28]} 17. f4 {[%emt
00:01:14]} Qe7 {[%emt 00:00:28]} 18. fxe5 {[%emt 00:01:19]} Qxc5+ {[%emt
00:00:26]} 19. Qd4 {[%emt 00:00:49]} Qb5 {[%clk 00:51:33]} {[%emt 00:00:16]}
20. Qf2 {[%clk 00:50:17]} {[%emt 00:00:38]} Rf7 {[%clk 00:51:20]} {[%emt
00:00:27]} 21. Qxf7+ {[%clk 00:49:57]} {[%emt 00:00:35]} Kd8 {[%clk 00:51:13]}
{[%emt 00:00:20]} 22. Qf8+ {[%clk 00:49:37]} {[%emt 00:00:38]} Be8 {[%clk
00:51:01]} {[%emt 00:00:13]} 23. Qd6+ {[%clk 00:49:42]} {[%emt 00:00:21]} Kc8
{[%emt 00:00:20]} 24. Bxe6+ {[%emt 00:00:13]} Bd7 {[%clk 00:50:29]} {[%emt
00:00:16]} 25. Rf8# {[%clk 00:49:19]} {[%emt 00:00:36]} 1-0

[Event "DEM U8w 2025"]
[Site "Willingen GER"]
[Date "2025.06.12"]
[Round "4"]
[White "Altshuler, Olena"]
[Black "Wranik, Tabea"]
[Result "1-0"]
[Termination "normal"]
[Board "5"]
[WhiteElo "848"]
[BlackElo "767"]
[WhiteClock "00:51:29"]
[BlackClock "00:46:36"]
[PlyCount "71"]
[WhiteFideId "533026114"]
[EventCountry "GER"]
[EventRounds "7"]
[EventType "swiss"]
[EventDate "2025.06.10"]

1. d4 {[%clk 01:00:28]} c5 {[%clk 01:00:12]} {[%emt 00:00:19]} 2. dxc5 {[%clk
01:00:11]} {[%emt 00:00:32]} Qa5+ {[%clk 00:59:37]} {[%emt 00:00:50]} 3. Nc3
{[%clk 01:00:05]} {[%emt 00:00:20]} Qxc5 {[%clk 00:59:36]} {[%emt 00:00:17]} 4.
Bf4 {[%clk 00:59:44]} {[%emt 00:00:35]} d6 {[%clk 00:58:45]} {[%emt 00:01:06]}
5. Qd5 {[%clk 00:59:16]} {[%emt 00:00:42]} Qb4 {[%clk 00:57:52]} {[%emt
00:01:09]} 6. Qb5+ {[%clk 00:58:57]} {[%emt 00:00:36]} Qxb5 {[%clk 00:56:23]}
{[%emt 00:01:45]} 7. Nxb5 {[%clk 00:59:01]} {[%emt 00:00:11]} Bf5 {[%clk
00:56:22]} {[%emt 00:00:15]} 8. Nc7+ {[%clk 00:59:01]} {[%emt 00:00:14]} Kd8
{[%clk 00:54:43]} {[%emt 00:01:51]} 9. Nxa8 {[%clk 00:59:00]} {[%emt 00:00:19]}
Bxc2 {[%clk 00:54:46]} {[%emt 00:00:13]} 10. Rc1 {[%clk 00:58:57]} {[%emt
00:00:17]} Bf5 {[%clk 00:53:54]} {[%emt 00:01:09]} 11. Rc7 {[%clk 00:58:30]}
{[%emt 00:00:39]} Nc6 {[%clk 00:53:53]} {[%emt 00:00:18]} 12. Rxb7 {[%clk
00:58:23]} {[%emt 00:00:22]} Kc8 {[%clk 00:53:46]} {[%emt 00:00:21]} 13. Rc7+
{[%clk 00:57:39]} {[%emt 00:01:00]} Kb8 {[%clk 00:53:44]} {[%emt 00:00:17]} 14.
Rxc6 {[%clk 00:57:36]} {[%emt 00:00:18]} Kxa8 {[%clk 00:53:49]} {[%emt
00:00:09]} 15. e3 {[%clk 00:57:01]} {[%emt 00:00:50]} Be4 {[%clk 00:53:47]}
{[%emt 00:00:18]} 16. Rc8+ {[%clk 00:56:55]} {[%emt 00:00:20]} Kb7 {[%clk
00:53:35]} {[%emt 00:00:29]} 17. Rxf8 {[%clk 00:56:58]} {[%emt 00:00:11]} e5
{[%clk 00:53:34]} {[%emt 00:00:16]} 18. Re8 {[%clk 00:56:37]} {[%emt 00:00:35]}
exf4 {[%clk 00:53:16]} {[%emt 00:00:33]} 19. Rxe4 {[%clk 00:56:41]} {[%emt
00:00:12]} fxe3 {[%clk 00:52:59]} {[%emt 00:00:32]} 20. Rxe3 {[%clk 00:56:15]}
{[%emt 00:00:40]} Nf6 {[%clk 00:52:54]} {[%emt 00:00:21]} 21. Rb3+ {[%clk
00:56:06]} {[%emt 00:00:24]} Ka8 {[%clk 00:52:07]} {[%emt 00:01:01]} 22. g3
{[%clk 00:56:06]} {[%emt 00:00:16]} Re8+ {[%clk 00:51:29]} {[%emt 00:00:52]}
23. Ne2 {[%clk 00:56:05]} {[%emt 00:00:16]} h5 {[%clk 00:50:59]} {[%emt
00:00:45]} 24. Bg2+ {[%clk 00:55:53]} {[%emt 00:00:20]} d5 {[%clk 00:49:47]}
{[%emt 00:02:27]} 25. Rb5 {[%clk 00:55:16]} {[%emt 00:00:51]} Rd8 {[%clk
00:49:29]} {[%emt 00:00:33]} 26. O-O {[%clk 00:54:08]} {[%emt 00:01:23]} a6
{[%clk 00:48:22]} {[%emt 00:01:22]} 27. Rb6 {[%clk 00:53:42]} {[%emt 00:00:40]}
Re8 {[%clk 00:48:09]} {[%emt 00:00:29]} 28. Nd4 {[%clk 00:53:34]} {[%emt
00:00:24]} Nd7 {[%clk 00:47:58]} {[%emt 00:00:23]} 29. Bxd5+ {[%clk 00:53:19]}
{[%emt 00:00:32]} Ka7 {[%clk 00:47:51]} {[%emt 00:00:21]} 30. Rb7+ {[%clk
00:52:41]} {[%emt 00:00:54]} Ka8 {[%emt 00:01:05]} 31. Rxd7+ {[%clk 00:52:56]}
{[%emt 00:00:12]} Kb8 {[%emt 00:00:50]} 32. Rb7+ {[%clk 00:52:46]} {[%emt
00:00:23]} Kc8 {[%clk 00:46:46]} {[%emt 00:00:43]} 33. Rc1+ {[%clk 00:52:25]}
{[%emt 00:00:38]} Kd8 {[%clk 00:46:37]} {[%emt 00:00:23]} 34. Nc6+ {[%clk
00:51:50]} {[%emt 00:00:51]} Kc8 {[%clk 00:46:29]} {[%emt 00:00:23]} 35. Na7+
{[%clk 00:51:29]} {[%emt 00:00:36]} Kd8 {[%clk 00:46:36]} {[%emt 00:00:23]} 36.
Rc8# {[%emt 00:00:31]} 1-0

[Event "DEM U8w 2025"]
[Site "Willingen GER"]
[Date "2025.06.12"]
[Round "4"]
[White "Murrau, Adela"]
[Black "Shelest, Amina"]
[Result "1-0"]
[Termination "normal"]
[Board "8"]
[WhiteElo "991"]
[BlackElo "778"]
[WhiteClock "00:56:23"]
[BlackClock "00:38:23"]
[PlyCount "57"]
[EventCountry "GER"]
[EventRounds "7"]
[EventType "swiss"]
[EventDate "2025.06.10"]

1. e4 {[%clk 01:00:28]} {[%emt 00:00:01]} e5 {[%clk 01:00:25]} {[%emt
00:00:06]} 2. Nf3 {[%clk 01:00:36]} {[%emt 00:00:06]} Nc6 {[%clk 01:00:31]}
{[%emt 00:00:10]} 3. Bc4 {[%clk 01:00:40]} {[%emt 00:00:10]} Nf6 {[%clk
01:00:35]} {[%emt 00:00:11]} 4. Ng5 {[%clk 01:00:38]} {[%emt 00:00:17]} Bc5
{[%clk 01:00:29]} {[%emt 00:00:21]} 5. Bxf7+ {[%clk 01:00:30]} {[%emt
00:00:23]} Kf8 {[%clk 01:00:18]} {[%emt 00:00:27]} 6. Bc4 {[%clk 01:00:16]}
{[%emt 00:00:20]} d6 {[%clk 00:59:24]} {[%emt 00:01:17]} 7. Nf7 {[%clk
00:59:56]} {[%emt 00:00:36]} Rg8 {[%clk 00:59:04]} {[%emt 00:00:35]} 8. Nxd8
{[%clk 00:59:56]} {[%emt 00:00:14]} Nxd8 {[%clk 00:58:03]} {[%emt 00:01:14]} 9.
Bxg8 {[%clk 00:59:54]} {[%emt 00:00:18]} Bg4 {[%clk 00:57:50]} {[%emt
00:00:29]} 10. f3 {[%clk 00:59:27]} {[%emt 00:00:42]} Bh5 {[%clk 00:57:50]}
{[%emt 00:00:15]} 11. Bc4 {[%clk 00:59:14]} {[%emt 00:00:21]} Nxe4 {[%clk
00:53:59]} {[%emt 00:04:14]} 12. fxe4 {[%clk 00:58:55]} {[%emt 00:00:34]} Bxd1
{[%clk 00:53:57]} {[%emt 00:00:16]} 13. Kxd1 {[%clk 00:59:05]} {[%emt
00:00:05]} Nc6 {[%clk 00:52:15]} {[%emt 00:01:58]} 14. Nc3 {[%clk 00:59:02]}
{[%emt 00:00:17]} Nd4 {[%clk 00:51:48]} {[%emt 00:00:43]} 15. d3 {[%clk
00:59:03]} {[%emt 00:00:14]} Ke7 {[%clk 00:51:42]} {[%emt 00:00:20]} 16. Bg5+
{[%clk 00:58:34]} {[%emt 00:00:16]} Kd7 {[%clk 00:51:57]} 17. Rf1 {[%clk
00:58:26]} {[%emt 00:01:01]} h6 {[%clk 00:47:46]} {[%emt 00:04:29]} 18. Rf7+
{[%clk 00:58:15]} {[%emt 00:00:26]} Ke8 {[%clk 00:47:32]} {[%emt 00:00:28]} 19.
Rxg7 {[%clk 00:58:20]} {[%emt 00:00:10]} hxg5 {[%clk 00:47:24]} {[%emt
00:00:23]} 20. Rg8+ {[%clk 00:58:18]} {[%emt 00:00:18]} Ke7 {[%clk 00:46:13]}
{[%emt 00:01:26]} 21. Rxa8 {[%clk 00:58:20]} {[%emt 00:00:12]} Kf6 {[%clk
00:43:04]} {[%emt 00:03:24]} 22. Nd5+ {[%clk 00:57:15]} {[%emt 00:01:21]} Kg6
{[%clk 00:43:00]} {[%emt 00:00:18]} 23. Nxc7 {[%clk 00:57:15]} {[%emt
00:00:16]} Kh5 {[%clk 00:41:44]} {[%emt 00:01:31]} 24. Rh8+ {[%clk 00:57:13]}
{[%emt 00:00:18]} Kg4 {[%clk 00:41:39]} {[%emt 00:00:20]} 25. c3 {[%clk
00:57:08]} {[%emt 00:00:19]} Kf4 {[%clk 00:41:21]} {[%emt 00:00:33]} 26. cxd4
{[%clk 00:57:14]} {[%emt 00:00:09]} Bxd4 {[%clk 00:41:08]} {[%emt 00:00:28]}
27. Nd5+ {[%clk 00:57:02]} {[%emt 00:00:27]} Kg4 {[%clk 00:40:32]} {[%emt
00:00:50]} 28. h3+ {[%clk 00:56:19]} {[%emt 00:00:58]} Kg3 {[%clk 00:38:23]}
{[%emt 00:02:25]} 29. Rg8 {[%clk 00:56:23]} {[%emt 00:00:11]} 1-0

[Event "DEM U8w 2025"]
[Site "Willingen GER"]
[Date "2025.06.12"]
[Round "4"]
[White "Nguyen, Lena"]
[Black "Taris, Camille"]
[Result "0-1"]
[Termination "normal"]
[Board "9"]
[WhiteElo "795"]
[BlackElo "882"]
[WhiteClock "00:30:06"]
[BlackClock "00:54:34"]
[PlyCount "96"]
[EventCountry "GER"]
[EventRounds "7"]
[EventType "swiss"]
[EventDate "2025.06.10"]

1. e4 {[%emt 00:00:03]} d5 {[%emt 00:00:08]} 2. exd5 {[%clk 00:59:31]} {[%emt
00:00:47]} Qxd5 {[%clk 00:59:50]} {[%emt 00:00:41]} 3. Ne2 {[%clk 00:59:19]}
{[%emt 00:00:23]} Nf6 {[%clk 00:59:24]} {[%emt 00:00:45]} 4. Nbc3 {[%clk
00:59:13]} {[%emt 00:00:14]} Qd8 {[%clk 00:59:35]} {[%emt 00:00:12]} 5. g3
{[%clk 00:59:05]} {[%emt 00:00:17]} Bf5 {[%clk 00:59:10]} {[%emt 00:00:45]} 6.
Bg2 {[%clk 00:58:54]} {[%emt 00:00:21]} c6 {[%clk 00:59:10]} {[%emt 00:00:21]}
7. O-O {[%clk 00:58:46]} {[%emt 00:00:23]} e6 {[%clk 00:59:18]} {[%emt
00:00:07]} 8. d4 {[%clk 00:58:38]} {[%emt 00:00:21]} Bd6 {[%clk 00:59:12]}
{[%emt 00:00:22]} 9. a3 {[%clk 00:58:27]} {[%emt 00:00:25]} O-O {[%clk
00:59:02]} {[%emt 00:00:26]} 10. b4 {[%clk 00:58:28]} {[%emt 00:00:13]} a6
{[%clk 00:58:45]} {[%emt 00:00:33]} 11. Bg5 {[%clk 00:56:38]} {[%emt 00:02:04]}
h6 {[%clk 00:58:32]} {[%emt 00:00:29]} 12. Bxf6 {[%clk 00:56:14]} {[%emt
00:00:33]} Qxf6 {[%clk 00:58:33]} {[%emt 00:00:18]} 13. Re1 {[%clk 00:55:00]}
{[%emt 00:01:29]} Ra7 {[%clk 00:58:35]} {[%emt 00:00:15]} 14. Nf4 {[%clk
00:50:35]} {[%emt 00:04:31]} Bxf4 {[%clk 00:58:36]} {[%emt 00:00:22]} 15. gxf4
{[%clk 00:50:06]} {[%emt 00:00:44]} Rd8 {[%clk 00:58:26]} {[%emt 00:00:26]} 16.
Ne2 {[%clk 00:48:22]} {[%emt 00:01:54]} Qg6 {[%clk 00:58:05]} {[%emt 00:00:41]}
17. f3 {[%clk 00:47:20]} {[%emt 00:01:17]} Bh3 {[%clk 00:57:46]} {[%emt
00:00:34]} 18. Ng3 {[%clk 00:45:23]} {[%emt 00:02:12]} Bxg2 {[%clk 00:57:37]}
{[%emt 00:00:22]} 19. Kxg2 {[%clk 00:45:10]} {[%emt 00:00:30]} b6 {[%clk
00:57:03]} {[%emt 00:00:50]} 20. h4 {[%clk 00:44:06]} {[%emt 00:01:19]} c5
{[%clk 00:56:56]} {[%emt 00:00:22]} 21. bxc5 {[%emt 00:00:21]} bxc5 {[%emt
00:00:08]} 22. h5 {[%clk 00:43:11]} {[%emt 00:00:40]} Qf6 {[%clk 00:57:03]}
{[%emt 00:00:08]} 23. Ne4 {[%clk 00:42:54]} {[%emt 00:00:32]} Qxf4 {[%clk
00:56:42]} {[%emt 00:00:34]} 24. Nxc5 {[%clk 00:42:47]} {[%emt 00:00:23]} Qg5+
{[%clk 00:56:41]} {[%emt 00:00:18]} 25. Kf2 {[%clk 00:41:13]} {[%emt 00:01:45]}
Qxh5 {[%clk 00:56:44]} {[%emt 00:00:15]} 26. f4 {[%emt 00:01:04]} Qxd1 {[%emt
00:00:19]} 27. Rexd1 {[%clk 00:39:42]} {[%emt 00:00:21]} Nc6 {[%clk 00:56:43]}
{[%emt 00:00:18]} 28. Rab1 {[%emt 00:00:36]} Nxd4 {[%emt 00:00:11]} 29. Rb6
{[%emt 00:01:11]} Raa8 {[%emt 00:00:15]} 30. c3 {[%clk 00:37:03]} {[%emt
00:00:41]} Nc2 {[%clk 00:56:39]} {[%emt 00:00:19]} 31. Rxd8+ {[%clk 00:37:02]}
{[%emt 00:00:16]} Rxd8 {[%emt 00:00:08]} 32. Rxa6 {[%emt 00:00:30]} g5 {[%clk
00:55:38]} {[%emt 00:00:38]} 33. fxg5 {[%clk 00:36:42]} {[%emt 00:00:33]} hxg5
{[%emt 00:00:11]} 34. Nb7 {[%emt 00:00:18]} Rd2+ {[%clk 00:54:40]} {[%emt
00:00:14]} 35. Kf3 {[%clk 00:35:17]} {[%emt 00:03:11]} Rd3+ {[%clk 00:54:46]}
{[%emt 00:00:16]} 36. Kg4 {[%emt 00:00:38]} Rxc3 {[%emt 00:00:16]} 37. a4
{[%emt 00:00:22]} e5 {[%emt 00:00:17]} 38. Kxg5 {[%emt 00:00:13]} e4 {[%emt
00:00:15]} 39. Ra5 {[%emt 00:00:30]} e3 {[%emt 00:00:11]} 40. Re5 {[%clk
00:32:25]} {[%emt 00:00:20]} Kg7 {[%clk 00:54:35]} {[%emt 00:00:32]} 41. a5
{[%emt 00:00:24]} f6+ {[%emt 00:00:06]} 42. Kf4 {[%emt 00:00:45]} fxe5+ {[%emt
00:00:10]} 43. Kf3 {[%clk 00:31:06]} {[%emt 00:00:07]} Nd4+ {[%clk 00:54:30]}
{[%emt 00:00:21]} 44. Kg2 {[%emt 00:00:37]} e2 {[%emt 00:00:09]} 45. Kf2 {[%clk
00:30:06]} {[%emt 00:00:28]} Rc1 {[%clk 00:54:34]} {[%emt 00:00:12]} 46. a6
{[%emt 00:00:15]} e1=Q+ {[%emt 00:00:10]} 47. Kg2 {[%emt 00:00:32]} Qe3 {[%emt
00:00:14]} 48. a7 {[%emt 00:00:37]} Rc2+ {[%emt 00:00:05]} 0-1

[Event "DEM U8w 2025"]
[Site "Willingen GER"]
[Date "2025.06.12"]
[Round "4"]
[White "Romberg, Lene"]
[Black "Richter Assencio, Carolina"]
[Result "1-0"]
[Termination "normal"]
[Board "10"]
[WhiteElo "876"]
[BlackElo "751"]
[WhiteClock "00:33:01"]
[BlackClock "00:56:50"]
[PlyCount "53"]
[EventCountry "GER"]
[EventRounds "7"]
[EventType "swiss"]
[EventDate "2025.06.10"]

1. e4 {[%clk 01:00:28]} {[%emt 00:00:02]} e5 {[%clk 01:00:34]} {[%emt
00:00:18]} 2. Nf3 {[%clk 01:00:39]} {[%emt 00:00:12]} Nc6 {[%clk 01:00:41]}
{[%emt 00:00:08]} 3. Nc3 {[%clk 01:00:38]} {[%emt 00:00:17]} Nf6 {[%clk
01:00:46]} {[%emt 00:00:10]} 4. Bb5 {[%clk 01:00:39]} {[%emt 00:00:13]} Bb4
{[%clk 01:00:44]} {[%emt 00:00:16]} 5. Bxc6 {[%clk 00:59:41]} {[%emt 00:01:14]}
Bxc3 {[%clk 01:00:45]} {[%emt 00:00:13]} 6. dxc3 {[%clk 00:59:24]} {[%emt
00:00:33]} bxc6 {[%clk 01:00:37]} {[%emt 00:00:23]} 7. Nxe5 {[%clk 00:59:03]}
{[%emt 00:00:36]} Qe7 {[%clk 01:00:42]} {[%emt 00:00:10]} 8. Ng4 {[%clk
00:58:22]} {[%emt 00:00:54]} Qxe4+ {[%clk 01:00:23]} {[%emt 00:00:36]} 9. Ne3
{[%clk 00:58:11]} {[%emt 00:00:26]} O-O {[%clk 01:00:22]} {[%emt 00:00:17]} 10.
O-O {[%clk 00:57:57]} {[%emt 00:00:28]} Nd5 {[%clk 01:00:03]} {[%emt 00:00:35]}
11. Nxd5 {[%clk 00:57:33]} {[%emt 00:00:39]} cxd5 {[%clk 01:00:03]} {[%emt
00:00:14]} 12. Be3 {[%clk 00:56:52]} {[%emt 00:00:54]} d6 {[%clk 01:00:07]}
{[%emt 00:00:13]} 13. Qd4 {[%clk 00:56:00]} {[%emt 00:01:09]} Qxc2 {[%clk
01:00:01]} {[%emt 00:00:19]} 14. Qxd5 {[%clk 00:55:42]} {[%emt 00:00:33]} Ba6
{[%clk 00:59:46]} {[%emt 00:00:29]} 15. Rfb1 {[%clk 00:54:37]} {[%emt
00:01:21]} Qg6 {[%clk 00:59:18]} {[%emt 00:00:42]} 16. Qc6 {[%clk 00:52:47]}
{[%emt 00:02:05]} Bd3 {[%clk 00:59:22]} {[%emt 00:00:12]} 17. Rd1 {[%clk
00:46:01]} {[%emt 00:07:01]} Rab8 {[%clk 00:59:02]} {[%emt 00:00:35]} 18. Qxc7
{[%clk 00:43:59]} {[%emt 00:02:17]} Rxb2 {[%clk 00:59:02]} {[%emt 00:00:14]}
19. Qxa7 {[%clk 00:43:25]} {[%emt 00:00:51]} Re8 {[%clk 00:59:17]} 20. Qd4
{[%clk 00:40:23]} {[%emt 00:03:16]} Be2 {[%clk 00:59:08]} {[%emt 00:00:24]} 21.
Rd2 {[%emt 00:01:32]} Bf3 {[%clk 00:58:06]} {[%emt 00:01:06]} 22. g3 {[%clk
00:37:44]} {[%emt 00:01:33]} Rb5 {[%clk 00:58:06]} {[%emt 00:00:26]} 23. Qxd6
{[%clk 00:35:50]} {[%emt 00:02:14]} Qg4 {[%clk 00:57:58]} {[%emt 00:00:21]} 24.
Qd7 {[%clk 00:34:15]} {[%emt 00:01:50]} Reb8 {[%clk 00:56:54]} {[%emt
00:00:50]} 25. Qxg4 {[%clk 00:33:58]} {[%emt 00:01:03]} Bxg4 {[%clk 00:56:52]}
{[%emt 00:00:14]} 26. Bf4 {[%clk 00:33:27]} {[%emt 00:00:48]} R8b7 {[%clk
00:56:50]} {[%emt 00:00:16]} 27. Rd8# {[%clk 00:33:01]} {[%emt 00:00:42]} 1-0

[Event "DEM U8w 2025"]
[Site "Willingen GER"]
[Date "2025.06.12"]
[Round "4"]
[White "Eßers, Elisabeth Greta"]
[Black "Meier, Hanna"]
[Result "1-0"]
[Termination "normal"]
[Board "11"]
[WhiteElo "849"]
[BlackElo "718"]
[WhiteClock "00:51:34"]
[BlackClock "00:55:00"]
[PlyCount "57"]
[WhiteFideId "533024979"]
[EventCountry "GER"]
[EventRounds "7"]
[EventType "swiss"]
[EventDate "2025.06.10"]

1. d4 {[%clk 01:00:28]} {[%emt 00:00:01]} d5 {[%clk 01:00:16]} {[%emt
00:00:14]} 2. Nf3 {[%clk 01:00:36]} {[%emt 00:00:07]} Nf6 {[%clk 01:00:09]}
{[%emt 00:00:23]} 3. c3 {[%clk 01:00:11]} {[%emt 00:00:39]} e6 {[%clk
00:59:57]} {[%emt 00:00:27]} 4. Bf4 {[%clk 01:00:06]} {[%emt 00:00:21]} Be7
{[%clk 00:59:42]} {[%emt 00:00:26]} 5. e3 {[%clk 01:00:01]} {[%emt 00:00:23]}
O-O {[%clk 00:59:48]} {[%emt 00:00:10]} 6. Bd3 {[%clk 01:00:07]} {[%emt
00:00:09]} Nbd7 {[%clk 00:59:33]} {[%emt 00:00:27]} 7. O-O {[%clk 01:00:01]}
{[%emt 00:00:23]} b6 {[%clk 00:59:24]} {[%emt 00:00:24]} 8. Nbd2 {[%clk
00:59:24]} {[%emt 00:00:52]} Nh5 {[%clk 00:58:34]} {[%emt 00:01:06]} 9. Bg3
{[%clk 00:59:22]} {[%emt 00:00:16]} Nxg3 {[%clk 00:57:59]} {[%emt 00:00:50]}
10. hxg3 {[%clk 00:59:31]} {[%emt 00:00:06]} g6 {[%clk 00:57:47]} {[%emt
00:00:26]} 11. Qe2 {[%clk 00:57:24]} {[%emt 00:02:23]} h5 {[%clk 00:57:42]}
{[%emt 00:00:14]} 12. a3 {[%clk 00:57:06]} {[%emt 00:00:40]} g5 {[%clk
00:57:35]} {[%emt 00:00:18]} 13. Bc2 {[%clk 00:56:37]} {[%emt 00:00:48]} g4
{[%clk 00:57:36]} {[%emt 00:00:12]} 14. Qd3 {[%clk 00:56:38]} {[%emt 00:00:16]}
f5 {[%clk 00:57:19]} {[%emt 00:00:32]} 15. Ne5 {[%clk 00:56:09]} {[%emt
00:00:42]} Nf6 {[%clk 00:57:09]} {[%emt 00:00:24]} 16. Nc6 {[%clk 00:55:03]}
{[%emt 00:01:23]} Qe8 {[%clk 00:57:09]} {[%emt 00:00:11]} 17. Nxe7+ {[%clk
00:55:05]} {[%emt 00:00:16]} Qxe7 {[%clk 00:57:07]} {[%emt 00:00:18]} 18. Ba4
{[%clk 00:54:22]} {[%emt 00:00:59]} Qh7 {[%clk 00:57:04]} {[%emt 00:00:17]} 19.
Bc2 {[%clk 00:54:12]} {[%emt 00:00:26]} Kg7 {[%clk 00:57:04]} {[%emt 00:00:15]}
20. b4 {[%clk 00:53:44]} {[%emt 00:00:43]} Rh8 {[%clk 00:57:09]} {[%emt
00:00:09]} 21. Rfe1 {[%clk 00:53:24]} {[%emt 00:00:36]} h4 {[%clk 00:57:16]}
{[%emt 00:00:08]} 22. Kf1 {[%clk 00:53:15]} {[%emt 00:00:24]} hxg3 {[%clk
00:57:02]} {[%emt 00:00:21]} 23. fxg3 {[%clk 00:53:25]} {[%emt 00:00:14]} Qh1+
{[%clk 00:56:42]} {[%emt 00:00:33]} 24. Kf2 {[%clk 00:53:20]} {[%emt 00:00:20]}
Ne4+ {[%clk 00:56:02]} {[%emt 00:00:56]} 25. Nxe4 {[%clk 00:53:07]} {[%emt
00:00:28]} Qh2 {[%clk 00:56:05]} {[%emt 00:00:11]} 26. Ng5 {[%clk 00:52:04]}
{[%emt 00:01:18]} f4 {[%clk 00:55:16]} {[%emt 00:01:05]} 27. Qg6+ {[%clk
00:51:40]} {[%emt 00:00:39]} Kf8 {[%clk 00:55:10]} {[%emt 00:00:20]} 28. Qf6+
{[%clk 00:51:34]} {[%emt 00:00:21]} Kg8 {[%clk 00:55:00]} {[%emt 00:00:25]} 29.
Qf7# {[%emt 00:00:15]} 1-0